000 00462nam a2200181Ia 4500
005 20240823043010.0
008 240823s9999||||xx |||||||||||||| ||und||
020 _a978-81-8472-181-2
041 _aENGLISH
082 _A420 Q1
100 _aIlankumaran M et al.
245 0 _aTechnical English for Engineering Students
250 _a1st
260 _c2011
_bAnuradha Age
_aKumbakonam
500 _aTRANSFERED
650 _aEnglish
_bEnglish
942 _cBK
999 _c209182
_d209182